| 000 | 00658nam a2200229 4500 | ||
|---|---|---|---|
| 003 | OSt | ||
| 005 | 20260601171001.0 | ||
| 008 | 260507b1972\\\\euka||||\||||\00|\0\eng\d | ||
| 040 |
_aICI _bspa _cICI |
||
| 041 | _aeng | ||
| 050 |
_aTJ 241 _bH68 |
||
| 245 | 1 |
_aHow things work : _bthe universal encyclopedia of machines |
|
| 264 |
_aGran Bretaña _bPaladin _c1975 |
||
| 300 | _a2 v. | ||
| 336 |
_atexto _2rdacontent |
||
| 337 |
_asin medio _2rdamedia |
||
| 338 |
_avolumen _2rdacarrier |
||
| 500 | _aIncluye índices. | ||
| 650 |
_2Maquinaria _xEnciclopedias. _931365 |
||
| 650 |
_2Maquinaria _vIndustria y comercio _xEnciclopedias _931366 |
||
| 942 |
_2lcc _cB _n1 |
||
| 999 |
_c20056 _d20056 |
||